| 000 | 00738nam a22001577a 4500 | ||
|---|---|---|---|
| 003 | OSt | ||
| 005 | 20150922153117.0 | ||
| 008 | 150922b xxu||||| |||| 00| 0 eng d | ||
| 040 | _cRUA | ||
| 082 | _aAGR KIM 2007 B035 Or.1 | ||
| 100 |
_91127 _aKIM LALIN |
||
| 245 | _aUnderstand about extension and system of rice intensification adoption,(ស្វែងយល់ពីការផ្សព្វផ្សាយ និង ការទទួលយកបច្ចេកទេសធ្វើស្រូវ តាមបែបប្រព័ន្ធប្រពលវប្បកម្មតាមគោលការណ៍ ធម្មជាតិ) | ||
| 260 |
_aphnom penh _bRUA _c2007 |
||
| 300 |
_aix,31p. _cill. _g29cm. |
||
| 942 |
_2ddc _cAGR |
||
| 999 |
_c1079 _d1079 |
||